000
00320nam a2200109Ia 4500
008
171211s9999 xx 000 0 und d
245
_a
First Children's Encyclopedia
245
_c
Penny Smith
260
_c
2010
650
_x
Encyclopedia and Dictionary
856
_u
http://down.ebook777.com/055/1405352736_0241206766.pdf
999
_c
350196
_d
350196